=LDR 00000nam 2200000 4500 =001 INLIS000000000051751 =005 20171128104046 =035 ##$$a 0010-1117000023 =007 ta =008 171128###########################0###### =082 ##$$a 340.02 =084 ##$$a 340.02 Mem m =245 ##$$a Membangun dan Menegakkan Hukum dalam Era Pembangunan /$c FH UKI =260 ##$$a Jakarta :$b Erlangga,$c 1983 =300 ##$$a vii, 141 hlm ; $c 21 cm =990 ##$$a 1315313153 =990 ##$$a 1382/Pro/86